Statistieken voor raad de 10 coolste landen naar mijn mening

Klik hier om de quiz te nemen!

Algemene statistieken

  • Deze quiz is 46 keer genomen
  • De gemiddelde score is 8 van 10

Antwoordstatistieken

HintAntwoord% Correct
8Verenigde Staten
97%
3België
94%
7Italië
94%
2Nederland
94%
6Spanje
92%
4Frankrijk
86%
5Portugal
86%
9Verenigd Koninkrijk
69%
10Kroatië
44%
1Tsjechië
25%

Scoreverdeling

Percentiel versus Aantal Correcte Antwoorden

Procent van Mensen met Elke Score

Uw Scoregeschiedenis

U heeft deze quiz nog niet genomen